Fundamentals of fluid mechanics / (Record no. 4533)
[ view plain ]
| 000 -LEADER | |
|---|---|
| fixed length control field | 01385nac a22002771u 4500 |
| 010 ## - LIBRARY OF CONGRESS CONTROL NUMBER | |
| LC control number | 2001046756 |
| 020 ## - INTERNATIONAL STANDARD BOOK NUMBER | |
| International Standard Book Number | 047144250X (cloth : alk. paper) |
| 020 ## - INTERNATIONAL STANDARD BOOK NUMBER | |
| International Standard Book Number | 0471214779 (CD-ROM) |
| 082 00 - DEWEY DECIMAL CLASSIFICATION NUMBER | |
| Classification number | 620.106 |
| Item number | M9693 |
| 090 ## - LOCALLY ASSIGNED LC-TYPE CALL NUMBER (OCLC); LOCAL CALL NUMBER (OCLC) | |
| -- | 4533 |
| -- | 4533 |
| 100 ## - MAIN ENTRY--PERSONAL NAME | |
| Personal name | Munson, Bruce Roy, |
| 245 00 - TITLE STATEMENT | |
| Title | Fundamentals of fluid mechanics / |
| Statement of responsibility, etc | Bruce R. Munson, Donald F. Young, Theodore H. Okiishi. |
| 250 ## - EDITION STATEMENT | |
| Edition statement | 4th ed. |
| 260 ## - PUBLICATION, DISTRIBUTION, ETC. (IMPRINT) | |
| Place of publication, distribution, etc | New York : |
| Name of publisher, distributor, etc | Wiley, |
| Date of publication, distribution, etc | c2002. |
| 300 ## - PHYSICAL DESCRIPTION | |
| Extent | xvii, 840, 6, 10 p. : |
| Other physical details | ill. (some col.) ; |
| Dimensions | 27 cm. + |
| Accompanying material | 1 CD ROM (4 3/4 in.) |
| 504 ## - BIBLIOGRAPHY, ETC. NOTE | |
| Bibliography, etc | Includes bibliographical references and index. |
| 538 ## - SYSTEM DETAILS NOTE | |
| System details note | System requirements for accompanying CD ROM: PC or Macintosh; Windows 95, 98, 2000 or ME. |
| 650 #0 - SUBJECT ADDED ENTRY--TOPICAL TERM | |
| Topical term or geographic name as entry element | Fluid mechanics. |
| 700 1# - ADDED ENTRY--PERSONAL NAME | |
| Personal name | Young, Donald F. |
| 700 1# - ADDED ENTRY--PERSONAL NAME | |
| Personal name | Okiishi, T. H. |
| Fuller form of name | (Theodore Hisao), |
| Dates associated with a name | 1939- |
| 856 42 - ELECTRONIC LOCATION AND ACCESS | |
| Materials specified | Contributor biographical information |
| Uniform Resource Identifier | <a href="http://www.loc.gov/catdir/bios/wiley043/2001046756.html">http://www.loc.gov/catdir/bios/wiley043/2001046756.html</a> |
| 856 42 - ELECTRONIC LOCATION AND ACCESS | |
| Materials specified | Table of contents |
| Uniform Resource Identifier | <a href="http://www.loc.gov/catdir/toc/wiley021/2001046756.html">http://www.loc.gov/catdir/toc/wiley021/2001046756.html</a> |
| 942 ## - ADDED ENTRY ELEMENTS (KOHA) | |
| Item type | Book - Borrowing |
| Call number prefix | 620.106M9693 |
| Withdrawn status | Item status | Damaged status | Not for loan | Home library | Current library | Shelving location | Date acquired | Source of acquisition | Total Checkouts | Total Renewals | Full call number | Barcode | Date last seen | Date last borrowed | Koha item type | Source of classification or shelving scheme | Vendor |
|---|---|---|---|---|---|---|---|---|---|---|---|---|---|---|---|---|---|
| Central Library | Central Library | First floor | 07/09/2009 | Purchase | 4 | 18 | 620.106 MUN | 000005310 | 15/07/2025 | 06/11/2014 | Book - Borrowing | ||||||
| Central Library | Central Library | First floor | 26/03/2009 | 620.106 MUN | 000015491 | 24/08/2022 | CD | DVD - With book (NB) | Dewey Decimal Classification |